000 00289nam a22001337a 4500
008 170405b xxu||||| |||| 00| 0 eng d
020 _a9780376031709
041 _aeng
080 _a 574
100 _a9
101 _aSHM
245 _aEDIBE THE GARDEN
_cSMEBY, R.A
942 _2udc
_cBK
999 _c9832
_d9832